000
00249nam a22001097a 4500
008
170123b xxu||||| |||| 00| 0 eng d
020
_a
9780803620698
041
_a
eng
080
_a
618.2
245
_a
MATERNAL-CHILD CARE
_c
WARD, S.L
942
_2
udc
_c
BK
999
_c
3389
_d
3389